Hate the US most - Statistics

General Stats
  • This quiz has been taken 59 times
  • The average score is 4 of 10
Answer Stats
Disapproval Rating Country % Correct
61% Iran
85%
82% Russia
85%
65% Pakistan
53%
72% Palestine
51%
58% Egypt
36%
69% Belarus
33%
66% Lebanon
29%
54% Tajikistan
13%
54% Slovenia
2%
55% Austria
0%
No matching quizzes found
Score Distribution
Percent of People with Each Score
Percentile by Number Answered
Your Score History
You have not taken this quiz